00599 2200229 4500001002100000005001700021008004100038035002400079082001100103090001800114100002000132245006500152250001100217260002800228300002500256650002700281850001500308980001300323985000600336986001200342999001500354YOGYA-0209000003050420090227024501.0 ind  0010-020900000030504 a342.92 a342.92bYam P aYAMIN, Muhammad aProklamasi dan konstitusi Republik IndonesiacMuhammad Yamin aCet. 2 aJakartabJambatanc1952 axiii, 244 hlmc19 cm aUndang-undang Dasar RI aYOPDYOG(B) a10-07-06 a1 aMsrtrev aa000003287